000 00739nam a2200241Ia 4500
003 GCL
008 140319s9999 xx 000 0 ara d
040 _aGCL /
_cGCL
082 0 4 _a301.22
_bو ث
100 1 _aمحمد فتحى
245 1 0 _aالثقافة والمجتمع (1780 - 1950 ) /
_cمحمد فتحى
700 1 _aوليامز , اليموند
700 1 _aوجيه سمعان
260 _a[S.N] :
_bالهيئة المصرية العامة للكتاب ،
_c1986
300 _a395 ص
490 _aالالف كتاب
_v0
650 0 4 _aالمجتمع
650 0 4 _aالثقافة
650 0 4 _aالاجتماع
650 0 4 _aانجلترا
650 0 4 _aالعلاقات الاجتماعية
942 _2ddc
_cBK
999 _c28492
_d28492